01017nam a2200301Ia 450000500170000000800410001702000190005808200180007710000330009524501260012825000190025430000330027349000150030650000250032150400280034665000380037465000090041265000330042165000310045470000330048594200120051826400470053033600270057733700330060433800280063704000350066599900150070020220317001134.0160825s2007 ck g 000 0 spa  a9789587140801204a079.861bT24n1 aTejada Cano, Luisd1898-192410aNueva antología de Luis Tejadacselección, prólogo, notas, cronología y edición a cargo de Gilberto Loaiza Cano a1a. edición  axxxv, 522 páginas c22 cm  aPeriodismo aIncluye cronología aIncluye bibliografías142LEMBaCrónicas periodísticas 142LEMB142LEMBaLiteratura colombiana 142LEMBaEnsayos colombianos 1 aLoaiza Cano, Gilberto966678 2ddccBK aMedellínbUniversidad de Antioquiac2007 atextobtxt2rdacontent asin mediaciónbn2rdamedia avolumenbnc2rdacarrier aCO-BoRNBPbspaerdacCO-BoRNBP c6044d6044